Super materials / (Record no. 1687)

MARC details
000 -LEADER
fixed length control field 00894pam a2200277 a 4500
005 - DATE AND TIME OF LATEST TRANSACTION
control field 20231123140128.0
020 ## - INTERNATIONAL STANDARD BOOK NUMBER
International Standard Book Number 0817253300
040 ## - CATALOGING SOURCE
Original cataloging agency DLC
Transcribing agency DLC
Modifying agency DLC
Language of cataloging eng
050 00 - LIBRARY OF CONGRESS CALL NUMBER
Classification number TA403.M33
082 00 - DEWEY DECIMAL CLASSIFICATION NUMBER
Classification number 620.1
Edition number 21
100 1# - MAIN ENTRY--PERSONAL NAME
Personal name Madgwick, Wendy
Dates associated with a name 1946-
245 10 - TITLE STATEMENT
Title Super materials /
Statement of responsibility, etc. Wendy Madgwick
260 ## - PUBLICATION, DISTRIBUTION, ETC.
Name of publisher, distributor, etc. Raintree Steck-Vaughn,
Date of publication, distribution, etc. 1999
Place of publication, distribution, etc. Austin :
300 ## - PHYSICAL DESCRIPTION
Extent 32 pages :
Other physical details color illustrations ;
Dimensions 28 cm
490 1# - SERIES STATEMENT
Series statement Science starters
505 ## - FORMATTED CONTENTS NOTE
Formatted contents note P <br/>
520 ## - SUMMARY, ETC.
Summary, etc. Provides instructions for various experiments and activities involving metal, plastic, fabrics, wood, paper, and other types of materials.
521 ## - TARGET AUDIENCE NOTE
Target audience note 620 <br/>
Source Lexile <br/>
521 ## - TARGET AUDIENCE NOTE
Target audience note P <br/>
Source Raz-Plus <br/>
650 #0 - SUBJECT ADDED ENTRY--TOPICAL TERM
Topical term or geographic name entry element Materials
General subdivision Juvenile literature.
650 #1 - SUBJECT ADDED ENTRY--TOPICAL TERM
Topical term or geographic name entry element Materials
General subdivision Experiments.
650 #1 - SUBJECT ADDED ENTRY--TOPICAL TERM
Topical term or geographic name entry element Experiments.
906 ## - LOCAL DATA ELEMENT F, LDF (RLIN)
a 7
b rix
c orignew
d 1
e ocip
f 19
g y-gencatlg
942 ## - ADDED ENTRY ELEMENTS (KOHA)
Source of classification or shelving scheme Dewey Decimal Classification
Koha item type Books
Suppress in OPAC No
999 ## -
-- 1687
-- 1687
Holdings
Withdrawn status Lost status Source of classification or shelving scheme Damaged status Not for loan Collection Home library Current library Shelving location Date acquired Total Checkouts Full call number Barcode Date last seen Date last checked out Copy number Price effective from Koha item type
    Dewey Decimal Classification     Non-Fiction Footprints International School Library Network Toul Kork Campus Footprints International School Library Network Toul Kork Campus   09/14/2023 2 MAD 620.1 TA403.M33 FISBK00602 09/25/2024 09/18/2024 1 09/14/2023 Books
    Dewey Decimal Classification     Non-Fiction Footprints International School Library Network Toul Kork Campus Footprints International School Library Network Toul Kork Campus   09/14/2023 2 MAD 620.1 TA403.M33 FIS04804 01/23/2024 01/16/2024 2 09/14/2023 Books